Citation Le Petit Prince (QCM) - Statistiques

Statistiques générales
  • Ce quiz a été pris 264 fois
  • Le résultat moyen est 6 sur 8
Statistiques - réponses
Question Réponse % Correct
"On ne voit bien qu'avec _____. L'essentiel est invisible pour les yeux". le coeur
99%
"Les _____ ne comprennent jamais rien toutes seules, et c'est fatiguant, pour les enfants, de toujours et toujours leur donner des explications". grandes personnes
97%
"Il faut bien que je supporte deux ou trois _____ si je veux connaître les papillons". chenilles
89%
"C'est le temps que tu as perdu pour _____ qui rend _____ importante". ta rose
88%
"Tu es responsable de ce que tu as _____". apprivoisé
78%
"Les étoiles sont éclairées afin que chacun puisse un jour _____". retrouver la sienne
74%
"Moi, se dit le petit prince, si j'avais 53 minutes à dépenser, je marcherais tout doucement vers _____". une fontaine
53%
"Les hommes n'ont plus le temps de rien connaître. Ils achètent des choses toutes faites chez les marchands. Mais comme il n'existe point de marchands _____, les hommes n'ont plus _____". d'amis
50%
Aucun quiz correspondant
Distribution des résultats
% des personnes avec chaque résultat
Percentile par nombre de réponses
Votre historique - résultats
Vous n’avez pas pris ce quiz